000 00687nam a2200157 a 4500
008 061116s2005 xx |||||||||||||| || u
050 _aTHE/PHI/SBE/37/2005
100 _aPhiri, Angela Sonile
245 1 0 _aEvaluation of sewage sludges at Nkana Sewage Works, Kitwe
_cthesis supervised by P. Majura
260 _a
_bSchool of Built Environment, Department of Civil Engineering and Construction
_c2005
350 _a0.00
650 _aENGINEERING
650 _aCIVIL ENGINEERING
650 _aSEWAGE DISPOSAL PLANTS--ZAMBIA
995 _D0.00
_FCBU-MAIN LIBRARY (Kitwe)
_H1
_I0.00
_M1
_UAVAILABLE
_WNov 16, 2006
_ZUniversity Collection
999 _c42687
_d42687